00897nam a2200241Ia 4500008004100000020001800041040001800059041000800077100002500085245014700110246007100257260005200328300002500380504002800405650003000433650002700463650003500490650001500525700003300540700002400573700002900597700002900626130821s2010 ck gr spa  a9789586827881 aCo-BoUCMbspa00aspa1 aHerrera Mora, Camilo10aIntroducción al consumo y al consumidor Colombiano consumiendocCamilo Herrera Mora ; investigadores Juan Diego Becerra Platín...[et al.]14aConsumiendo : Introducción al consumo y al consumismo colombiano aBogotá (Colombia)bAlfaomega Colombianac2010 axviii, 261 páginas aIncluye bibliografía.04aCalidad de vidazColombia04aConsumidoreszColombia04aConsumo (Economía)zColombia04aEconomía1 aBecerra Platín, Juan Diego1 aOrtiz Uribe, Sandra1 aReyes Ortiz, Juan Carlos1 aValles Rodríguez, John